000 00619nam a22002297a 4500
003 UA-OsUOA
001 43096
007 ta
008 20090513b un ||||| |||| 00| 0 ukr d
100 _aPartacz Czeslaw
090 _a94(477).09
942 _cBK
040 _aUA-OsUOA
_bpol
_cUA-OsUOA
_dUA-OsUOA
245 _aKwestia ukrainska w polityce polskiego rzadu na uchodzstwie i jego ekspozytur w kraju 1939-1945
300 _a411 с.
955 _a1
041 _apol
080 _a94(477).09
260 _aKoszalin
_c2001
650 7 _a9 Географія. Біографії. Історія
_2UDC
999 _c441573
_d441573